000 00376nam a2200145Ia 4500
008 150201s2005 xx 000 0 und d
082 _a616.313
_bC2005M
100 _aMAHESHWARI,NANDA
245 _aCLINICAL MICROBIOLOGY FOR DMLT STUDENTS
250 _a1ST
260 _bJAYPEE MEDICAL PUBLISHER
_aDELHI
_c2005
300 _a1-176
650 _aMICROBIOLOGY
942 _2ddc
_cBK
999 _c3388
_d3388